Statystyki dla Największe Kanały na Polskim Youtube od A do Z

Kliknij tutaj aby rozwiązać quiz!

Ogólne statystyki

  • Ten quiz został rozwiązany 2 680 razy
    (979 od ostatniego zresetowania)
  • Średni wynik to 7 z 26

Statystyki odpowiedzi

#Liczba subskrypcjiNazwa kanału na Youtube% Poprawnych
K4.71MKarol Friz Wiśniewski
90%
B4.88MBlowek
89%
R4.51MreZigiusz
66%
S4.26MStuu
60%
A3.39MAbstrachujeTV
57%
W2.31MWERSOW
53%
N3.38MNaruciak
46%
G2.08MGimper
33%
M1.82MMandzio
28%
I2.67MIsAmU
26%
Y2.08MYOUNG MULTI & YFL
24%
V2.51MVito Minecraft
22%
Z1.57MZeboPL
20%
C1.48Mczvjnik
19%
P2.73MPlaneta Faktów
17%
D2.55MDISCO MAREK
12%
Q2.41MQueQuality
8%
T2.34Mtvnpl
7%
F1.7MFIT LOVERS
6%
L1.2MLexy Chaplin
6%
U1.58MUnbox
6%
E1.1MEnzzi
4%
H1.57MHistoria bez cenzury
3%
J1.96MJASNA STRONA
3%
X540.1KxMikalox
1%
O2.1MOzyrys
0%

Rozkład punktacji

Percentyl według liczby udzielonych odpowiedzi

Procent ludzi z każdym wynikiem

Twoja historia wyników

Nie rozwiązałeś tego quizu od ostatniego zresetowania